| 000 | 00576nam a22002177a 4500 | ||
|---|---|---|---|
| 003 | OSt | ||
| 005 | 20220107122820.0 | ||
| 008 | 160721b xxu||||| |||| 00| 0 eng d | ||
| 020 | _a9780300192087 | ||
| 040 | _cIIITMK | ||
| 082 | _a608 WEI/E | ||
| 100 |
_aWeightman, Gavin _910410 |
||
| 245 |
_aEureka: _bHow invention happens _cGavin Weightman |
||
| 260 |
_aLondon, _bYale University Press, _c2015. |
||
| 300 | _axi, 266p. | ||
| 650 |
_aTECHNOLOGY _910411 |
||
| 650 |
_aINVENTIONS _910412 |
||
| 650 |
_aINVENTORS _910585 |
||
| 650 |
_aDISCOVERIES _910586 |
||
| 942 |
_2ddc _cBK |
||
| 999 |
_c5343 _d5343 |
||